| 000 | 00706nam a2200205 i 4500 | ||
|---|---|---|---|
| 001 | 189958 | ||
| 003 | ES-MaACL | ||
| 005 | 20230906223613.0 | ||
| 008 | 200224s1970 sp |||| | spa d | ||
| 100 | 1 |
_aKerr, Clark ( _d1911-2003) _9169706 |
|
| 245 | 1 | 3 |
_aLa sociedad multidimensional _b: Marshall, Marx y la época actual / _cClark Kerr. |
| 260 |
_aMadrid : _bGuadiana de Publicaciones, _c1970. |
||
| 300 |
_a199 p. ; _c18 cm. |
||
| 490 | 1 |
_aColección Biblioteca Universitaria de Economía ; _v17 |
|
| 650 | 0 | 4 |
_aMarxismo. _914803 |
| 650 | 0 | 4 |
_aCapitalismo. _910760 |
| 830 | 0 |
_aColección Biblioteca Universitaria de Economía ; _v17 _9176868 |
|
| 852 |
_aES-MaACL _jP-1352-15 |
||
| 999 |
_c189958 _d189958 |
||